000 00636nam a2200205Ii 4500
001 12711
003 CO-ViMGA
008 241108s9999||||xx |||||||||||||| ||und||
040 _aCO-ViMGA
_bspa
_erda
_cCO-ViMGA
041 0 _aunk
082 0 4 _a940.1-V414
100 1 _aWaldemar Vedel
_957245
245 1 0 _aIdeales culturales de la Edad Media T. II:
_bRomántica caballeresca
264 1 _a[Lugar de publicación no identificado] : Labor, 1933
300 _avolumen
336 _atext
_btxt
_2rdacontent
337 _aunmediated
_bn
_2rdamedia
338 _avolume
_bnc
_2rdacarrier
940 _aidficha_siabuc: 12419. -- ficha_no_siabuc:12711
999 _c55577
_d55577